000 00337nam a2200121Ia 4500
005 20251222140057.0
008 251222s1900||||xx |||||||||||||| ||spa||
082 _a121/M64
100 _aMirĂ³ Quesada Cantuarias, Francisco & otros
245 0 _aLa Racionalidad
264 _bUNMSM. Instituto de Investigaciones HumanĂ­sticas
942 _cLIB
999 _c3799
_d3799